Estudi de ràtios del cos de policial local : anàlisi de les variables de dedicació, dotació i retribució del cos de la policia local dels ajuntaments de la xarxaCORH : any 2009 anàlisi de les variables de dedicació, dotació i retribució del cos de la policia local dels ajuntaments de la xarxaCORH :
Publicado:
Barcelona :
Diputació de Barcelona. Àrea de Presidència. Gerència de Serveis d'Assistència al Govern Local. Oficina de Projectes Transversals i de Suport a la Gestió, [s.a.]
Descripción Física:
179 p. : il. col. , gràfics, quadres, taules ; 29 cm
Materias:
Policia local -- Estadístiques
MARC
| LEADER | 00000nam a2200000Ia 4500 | ||
|---|---|---|---|
| 001 | 23779 | ||
| 008 | 160829s9999 xx 000 0 cat d | ||
| 080 | |a Bib-33 | ||
| 245 | |a Estudi de ràtios del cos de policial local : |b anàlisi de les variables de dedicació, dotació i retribució del cos de la policia local dels ajuntaments de la xarxaCORH : |b any 2009 | ||
| 260 | |a Barcelona : |b Diputació de Barcelona. Àrea de Presidència. Gerència de Serveis d'Assistència al Govern Local. Oficina de Projectes Transversals i de Suport a la Gestió, [s.a.] | ||
| 300 | |a 179 p. : |b il. col. , gràfics, quadres, taules ; |c 29 cm | ||
| 650 | |a Policia local |x Estadístiques |9 49790 | ||
| 710 | 1 | |a Barcelona (Catalunya : Província). |b Oficina de Projectes Transversals i de Suport a la Gestió |9 56001 | |
| 901 | |a Arxiu | ||
| 942 | |n 1 | ||
| 952 | |0 0 |1 0 |4 0 |6 BIB33 |7 1 |9 55599 |a Arxiu |b Arxiu |d 2016-12-01 |l 0 |o Bib-33 |p 23779 |r 2016-12-01 00:00:00 |w 2016-12-01 |y ARXIU | ||
| 999 | |c 59472 |d 59472 | ||